Direito ambiental / (Record no. 458)

MARC details
000 -LÍDER
Campo Fixo de Controle 00644nam a2200229 a 4500
001 - NÚMERO DE CONTROLE
Campo de Controle 458
003 - IDENTIFICAÇÃO DO NÚMERO DE CONTROLE
Campo de Controle BR-CuiBMT
005 - DATA E HORA DA ÚLTIMA ATUALIZAÇÃO
Campo de Controle 20231124231013.0
008 - DADOS FIXOS
Dados Fixos 231107b2011 rjba 001 0 por d
020 ## - INTERNATIONAL STANDARD BOOK NUMBER
Nº do ISBN 9788537509791
040 ## - AGÊNCIA CATALOGADORA
Código da Agência Catalogadora BR-CuiBMT
Agência que transcreveu o registro BR-CuiBMT
080 ## - Nº DA CLASSIFICAÇÃO DECIMAL UNIVERSAL
Nº edição CDU 2007
Nº Class. CDU 349.6
090 ## - NÚMERO DE CHAMADA
Nº classificação 349.6
Cutter A636d
Ano/Edição 13. ed.
100 1# - ENTRADA PRINCIPAL -- AUTOR PESSOAL
Nome pessoal Antunes, Paulo de Bessa
245 10 - TÍTULO PRINCIPAL
Título principal Direito ambiental /
Indicação de responsabilidade Paulo de Bessa Antunes.
250 ## - EDIÇÃO
Edição 13. ed., rev. e atual.
260 ## - PUBLICAÇÃO, DISTRIBUIÇÃO, ETC.
Local de publicação Rio de Janeiro :
Editora Lumen Juris,
Data 2011.
300 ## - DESCRIÇÃO FÍSICA
N. páginas ou volumes 1179 p. ;
Dimensões 24 cm
504 ## - NOTA DE BIBLIOGRAFIA, ETC.
Nota de bibliografia Inclui bibliografia e índice.
650 ## - ASSUNTO TÓPICO
Cabeçalho tópico ou nome geográfico Direito ambiental
Subdivisão geográfica Brasil
942 ## - ELEMENTOS DE ENTRADA ADICIONAIS (KOHA)
Fonte de classificação ou esquema de arquivamento Classificação Decimal Universal
Tipo de item do Koha Livros
Holdings
Estado: removido Estado: perdido Fonte de classificação ou esquema de arquivamento Estado: danificado Indisponível para empréstimo Localização permanente Localização atual Data de aquisição Total Checkouts Número de Chamada completo Código de barras Date last seen Número do exemplar Preço efetivo a partir de Tipo de item (Koha)
    Classificação Decimal Universal     Biblioteca da Escola Superior de Contas do TCE/MT Biblioteca da Escola Superior de Contas do TCE/MT 02/04/2013   349.6 A636d 13. ed. BIBTCEMT23110211 07/11/2023 Ex. 1 07/11/2023 Livros

Powered by Koha